Lombard Street : (Record no. 4979)
[ view plain ]
| 000 -LEADER | |
|---|---|
| fixed length control field | 00764cam a22002531 4500 |
| 001 - CONTROL NUMBER | |
| control field | 4979 |
| 003 - CONTROL NUMBER IDENTIFIER | |
| rucl marc code | BD-RjUL |
| 005 - DATE AND TIME OF LATEST TRANSACTION | |
| control field | 20211208234004.0 |
| 008 - FIXED-LENGTH DATA ELEMENTS--GENERAL INFORMATION | |
| fixed length control field | 131224s1962 ilua 000 0 eng |
| 035 ## - SYSTEM CONTROL NUMBER | |
| System control number | (BD-RjUL)5015 |
| System control number | (OCoLC)249884 |
| 040 ## - CATALOGING SOURCE | |
| Original cataloging agency | DLC |
| Transcribing agency | ODaWU |
| Modifying agency | OCoLC |
| -- | DLC |
| -- | BD-RjUL |
| Language of cataloging | eng |
| 041 ## - LANGUAGE CODE | |
| Language code of text/sound track or separate title | eng |
| 082 ## - DEWEY DECIMAL CLASSIFICATION NUMBER | |
| Classification number | 332.110942 |
| Author mark and year | BAL 1962 |
| 100 1# - MAIN ENTRY--PERSONAL NAME | |
| Personal name | Bagehot, Walter, |
| Dates associated with a name | 1826-1877. |
| 9 (RLIN) | 15672 |
| 245 10 - TITLE STATEMENT | |
| Title | Lombard Street : |
| Remainder of title | a description of the money market / |
| Statement of responsibility, etc. | Walter Bagehot |
| 260 ## - PUBLICATION, DISTRIBUTION, ETC. (IMPRINT) | |
| Place of publication, distribution, etc. | Homewood, Ill. : |
| Name of publisher, distributor, etc. | R.D. Irwin , |
| Date of publication, distribution, etc. | c1962. |
| 300 ## - PHYSICAL DESCRIPTION | |
| Pagination | xvi, 176 p. ; |
| Size | 22 cm. |
| 650 #0 - SUBJECT ADDED ENTRY--TOPICAL TERM | |
| Topical term or geographic name as entry element | Money |
| Geographic subdivision | Great Britain. |
| 9 (RLIN) | 15673 |
| Topical term or geographic name as entry element | Banks and banking |
| Geographic subdivision | England |
| -- | London. |
| 9 (RLIN) | 15674 |
| 942 ## - ADDED ENTRY ELEMENTS (KOHA) | |
| Source of classification or shelving scheme | Dewey Decimal Classification |
| Koha item type | Books |
| Lost status | Source of classification or shelving scheme | Damaged status | Not for loan | Collection code | Permanent Location | Current Location | Shelving location | Date acquired | Source of acquisition | Cost, normal purchase price | Total Checkouts | Full call number | Date last seen | Copy number | Koha item type |
|---|---|---|---|---|---|---|---|---|---|---|---|---|---|---|---|
| Dewey Decimal Classification | Non-fiction | Central Library, University of Rajshahi | Central Library, University of Rajshahi | 15/07/1964 | Zeitlinger | 18.00 | 332.110942 BAL 1962 | 24/12/2013 | C-2 | Books | |||||
| Dewey Decimal Classification | Non-fiction | Central Library, University of Rajshahi | Central Library, University of Rajshahi | 31/03/1965 | Sweets and Zeithlinger | 18.00 | 332.110942 BAL 1962 | 25/06/2016 | C-3 | Books | |||||
| Dewey Decimal Classification | Non-fiction | Central Library, University of Rajshahi | Central Library, University of Rajshahi | 31/03/1965 | Sweets and Zeithlinger | 18.00 | 332.110942 BAL 1962 | 25/06/2016 | C-4 | Books | |||||
| Dewey Decimal Classification | Non-fiction | Central Library, University of Rajshahi | Central Library, University of Rajshahi | 31/03/1965 | Sweets and Zeithlinger | 18.00 | 332.110942 BAL 1962 | 25/06/2016 | C-5 | Books | |||||
| Dewey Decimal Classification | Non-fiction | Central Library, University of Rajshahi | Central Library, University of Rajshahi | 31/03/1965 | Zeithlinger | 18.00 | 332.110942 BAL 1962 | 25/06/2016 | C-6 | Books | |||||
| Dewey Decimal Classification | Non-fiction | Central Library, University of Rajshahi | Central Library, University of Rajshahi | 31/03/1965 | Sweets and Zeithlinger | 18.00 | 332.110942 BAL 1962 | 25/06/2016 | C-7 | Books | |||||
| Dewey Decimal Classification | Non-fiction | Central Library, University of Rajshahi | Central Library, University of Rajshahi | 15/07/1964 | Sweets and Zeithlinger | 18.00 | 332.110942 BAL 1962 | 25/06/2016 | C-8 | Books | |||||
| Dewey Decimal Classification | Non-fiction | Central Library, University of Rajshahi | Central Library, University of Rajshahi | 31/03/1965 | Swets & Zeithinger | 18.00 | 332.110942 BAL 1962 | 25/07/2016 | C-9 | Books |